| 000 | 00513nam a22001577a 4500 | ||
|---|---|---|---|
| 999 |
_c16911 _d16911 |
||
| 008 | 180705b xxu||||| |||| 00| 0 eng d | ||
| 020 | _a1600815447 | ||
| 040 |
_aKABU _cKABU |
||
| 050 |
_aPE1628 _b.N49 2013 c. 1 |
||
| 245 | _aThe new international Webster's comprehensive dictionary of the english language | ||
| 250 | _aEncyclopedic ed. | ||
| 260 |
_aUSA _bStandard International Media Holdings |
||
| 300 | _axxii, 1674 p. | ||
| 650 |
_aEnglish language _vDictionaries |
||
| 942 |
_2lcc _cREF _hPE1628 _kREF |
||